Malayali charithra bodham; (Record no. 63989)

000 -LEADER
fixed length control field 00436nam a22001577a 4500
020 ## - INTERNATIONAL STANDARD BOOK NUMBER
ISBN 9789383498086
082 ## - DEWEY DECIMAL CLASSIFICATION NUMBER
Classification number M 907.2
Item number RAG/M
100 ## - MAIN ENTRY--AUTHOR NAME
Personal name Raghava Warrier M R
245 ## - TITLE STATEMENT
Title Malayali charithra bodham;
Sub Title Kolanivazhchakku munpu/
Statement of responsibility, etc by Raghava Warrier M R
260 ## - PUBLICATION, DISTRIBUTION, ETC. (IMPRINT)
Place of publication Kottayam:
Name of publisher Vallathol vidyapeetham,
Year of publication 2013.
300 ## - PHYSICAL DESCRIPTION
Number of Pages 30p.
650 ## - SUBJECT ADDED ENTRY--TOPICAL TERM
Topical Term Historical Research
650 ## - SUBJECT ADDED ENTRY--TOPICAL TERM
Topical Term Historiography
650 ## - SUBJECT ADDED ENTRY--TOPICAL TERM
Topical Term History
942 ## - ADDED ENTRY ELEMENTS (KOHA)
Koha item type Book
Holdings
Withdrawn status Lost status Damaged status Not for loan Permanent Location Current Location Shelving location Date acquired Cost, normal purchase price Full call number Accession Number Price effective from Koha item type
        Sree Sankaracharya University of Sanskrit Sree Sankaracharya University of Sanskrit Stacks 12.01.2017 25.00 M 907.2 RAG/M 083225 12.01.2017 Book